000 00822nam a22002417a 4500
003 URS
005 20250313162400.0
008 250224s2024 |||||||| |||| 00| 0 eng |
040 _beng
_cURS
_dURS
_erda
050 1 4 _aSB404.5
_bW4309 2024
100 1 _a Weinburg, Jacob
_eauthor.
245 1 0 _aTextbook of production technology for ornamental crops /
_cJacob Weinburg.
264 1 _aNew York, New York :
_bSyrawood Publishing House,
_c[2024]
264 4 _c©2024
300 _aix, 324 pages :
_billustrations ;
_c26 cm
336 _atext
_btxt
_2rdacontent
337 _aunmediated
_bn
_2rdamedia
338 _avolume
_bnc
_2rdacarrier
504 _aIncludes bibliographical references and index.
650 0 _aOrnamental crops.
650 0 _aHorticultural crops
_xProduction technology.
942 _2lcc
_cFR
999 _c82326
_d82325